'70s and '80s Musical Artists #2 - Statistics

General Stats
  • This quiz has been taken 1,198 times
    1,126 since last reset
  • The average score is 8 of 10
Answer Stats
Song 1 Song 2 Song 3 Artist % Correct
Bad Beat It Thriller Michael Jackson
98%
Kiss Purple Rain When Doves Cry Prince
97%
Back in Black Hells Bells Highway to Hell AC/DC
93%
Isn't She Lovely Sir Duke Superstition Stevie Wonder
86%
Annie's Song Rocky Mountain High Take Me Home, Country Roads John Denver
81%
Da Ya Think I'm Sexy Maggie May Sailing Rod Stewart
75%
Heart Surburbia West End Girls Pet Shop Boys
64%
Ain't No Sunshine Just the Two of Us Lean on Me Bill Withers
63%
Invisible Touch Land of Confusion Mama Genesis
63%
Coward of the County Lucille The Gambler Kenny Rogers
62%
No matching quizzes found
Score Distribution
Percent of People with Each Score
Percentile by Number Answered
Your Score History
You have not taken this quiz since the last reset